000 00702nam a2200277Ia 4500
005 20260324113003.0
008 008 260324s9999 xx 000 0 eng d
020 _a9781003490913
037 _aEBOOK
040 _aCRL
040 _beng
040 _cCRL
041 _2eng
041 _aeng
084 _qCRL
100 _aG. Rigatos; M. Abbaszadeh; M Hamida; P. Siano
_91144962
245 0 _aIntelligent Control for Electric Power Systems and Electric Vehicles
260 _bTaylor and Francis
260 _c2024
365 _a
365 _b320
856 _uhttp://www.taylorfrancis.com/books/9781003490913
942 _cEBOOK
999 _c1734373
_d1734373